Badly-Drawn Company Logos Quiz Stats

 Plays Quiz Updated Aug 19, 2017

Also try: Hand-Drawn Movies
Challenge
Share
Tweet
Score 0/15 Timer 05:00
0 Plays Today
% Correct
Facebook
99.5%
Pepsi
98.8%
Apple
98.3%
Toyota
96.8%
Twitter
96%
Taco Bell
95.8%
Shell
95.4%
Monster Energy
91.4%
% Correct
Volkswagen
89.5%
Chevrolet
88.9%
BP
82.7%
Chili's
75.9%
Sporcle
72.9%
Adobe Systems
72.4%
Chick-fil-A
69.3%

You're not logged in!

Compare scores with friends on all Sporcle quizzes.
Join for Free
OR
Log In

You Might Also Like...

Show Comments

Extras

Top Quizzes Today


Score Distribution

Your Account Isn't Verified!

In order to create a playlist on Sporcle, you need to verify the email address you used during registration. Go to your Sporcle Settings to finish the process.

Report this User

Report this user for behavior that violates our Community Guidelines.

Details: